[Event "European Blitz 2017"]
[Site "Katowice POL"]
[Date "2017.12.15"]
[Round "18.10"]
[White "Heberla, Bartlomiej"]
[Black "Pavlidis, Antonios"]
[Result "0-1"]
[WhiteTitle "GM"]
[BlackTitle "GM"]
[WhiteElo "2555"]
[BlackElo "2539"]
[WhiteFideId "1115120"]
[BlackFideId "4212312"]
[EventDate "2017.12.15"]
[EventType "blitz"]

1. d4 Nf6 2. c4 g6 3. Nc3 Bg7 4. e4 O-O 5. Bd3 Nc6 6. Nge2 e5 7. d5 Nd4 8. O-O
c5 9. f4 d6 10. fxe5 dxe5 11. Bg5 h6 12. Bh4 a6 13. Nxd4 cxd4 14. Na4 g5 15. Bg3
Ng4 16. c5 Ne3 17. Qb3 Nxf1 18. Rxf1 h5 19. Nb6 Rb8 20. d6 Be6 21. Bc4 Qe8 22.
Nd5 Bxd5 23. Bxd5 h4 24. Be1 Qd7 25. Qc4 b6 26. b4 bxc5 27. bxc5 Rb1 28. Qc2
Rbb8 29. Ba5 h3 30. Bc7 Rb5 31. a4 Rb4 32. Qe2 d3 33. Qxd3 hxg2 34. Kxg2 Rb2+
35. Kg1 Qg4+ 36. Qg3 Qe2 37. d7 Bf6 38. Qf2 Qg4+ 39. Qg3 Qe2 40. d8=Q Bxd8 41.
Bxd8 g4 42. Bf6 Rfb8 43. Bc4 Qxc4 44. Qxg4+ Kf8 45. Bg7+ Ke8 46. Bxe5 Qxc5+ 47.
Kh1 Rb1 48. Qg8+ Qf8 49. Qg2 0-1

[Event "European Blitz 2017"]
[Site "Katowice POL"]
[Date "2017.12.15"]
[Round "18.11"]
[White "Saric, Ante"]
[Black "Warakomski, Tomasz"]
[Result "0-1"]
[WhiteTitle "GM"]
[BlackTitle "GM"]
[WhiteElo "2540"]
[BlackElo "2537"]
[WhiteFideId "14506254"]
[BlackFideId "1124552"]
[EventDate "2017.12.15"]
[EventType "blitz"]

1. Nf3 d5 2. d4 Bf5 3. c4 e6 4. Nc3 Nc6 5. Bf4 Nf6 6. e3 Bb4 7. Bd3 dxc4 8. Bxc4
Ne4 9. Qc1 Qe7 10. O-O Nxc3 11. bxc3 Ba3 12. Qd2 O-O 13. Bd3 Bxd3 14. Qxd3 Bd6
15. Ng5 g6 16. Ne4 Bxf4 17. exf4 b6 18. Rfe1 Rad8 19. g3 Qa3 20. Qe3 Kg7 21. h4
h5 22. Kg2 Ne7 23. Qf3 Nf5 24. Ng5 Rd6 25. Qb7 Qxc3 26. Rac1 Qxd4 27. Rxc7 Kg8
28. Rxf7 Qd5+ 29. Qxd5 exd5 30. Rxa7 d4 31. Rd1 Rc8 32. Nf7 Re6 33. Rd2 Re7 34.
Rxe7 Nxe7 35. Ne5 Nf5 36. Nxg6 Rc3 37. Ne5 Kg7 38. Nf3 Rc4 39. Ne5 Ra4 40. Rb2
b5 41. Nf3 Kf6 42. Rxb5 Rxa2 43. Rb6+ Kg7 44. Ne5 Ne3+ 45. Kf3 Nd1 46. Ke4 Nxf2+
47. Kf5 d3 48. Rb7+ Kf8 49. Rd7 d2 50. Nf3 d1=Q 51. Rxd1 Nxd1 52. Ne5 Rg2 53.
Kg5 Rxg3+ 54. Kxh5 Ne3 55. Ng6+ Kg7 56. Ne5 Rg2 57. Nf3 Nf5 58. Ne5 Kh7 59. Ng4
Rg1 60. Nf6+ Kg7 61. Ng4 Kh8 62. Ne5 Kh7 63. Ng4 Rh1 64. Kg5 Nxh4 65. Nf6+ Kg7
66. Nh5+ Kf7 67. Ng3 Rh2 68. Nf1 Rf2 69. Ng3 Nf3+ 70. Kg4 Nd4 71. Ne4 Rf1 72.
Ng3 Rg1 73. Kh3 Ke6 74. Kh2 Ra1 75. Kh3 Ra3 76. Kg4 Ra4 77. Ne4 Ra3 78. Ng5+ Kf6
79. Ne4+ Kg6 80. Nd6 Ne2 81. f5+ Kf6 82. Ne4+ Ke5 83. f6 Kxe4 84. f7 Rf3 0-1

[Event "European Blitz 2017"]
[Site "Katowice POL"]
[Date "2017.12.15"]
[Round "18.12"]
[White "Mastrovasilis, Dimitrios"]
[Black "Tomczak, Jacek"]
[Result "1/2-1/2"]
[WhiteTitle "GM"]
[BlackTitle "GM"]
[WhiteElo "2582"]
[BlackElo "2588"]
[WhiteFideId "4202694"]
[BlackFideId "1124668"]
[EventDate "2017.12.15"]
[EventType "blitz"]

1. e4 e6 2. b3 c5 3. Bb2 Nc6 4. Bb5 Qc7 5. Nf3 a6 6. Bxc6 Qxc6 7. d3 d6 8. O-O
Nf6 9. Nbd2 Be7 10. e5 dxe5 11. Nxe5 Qc7 12. Qf3 O-O 13. Rfe1 Bd7 14. Ndc4 b5
15. Nxd7 Nxd7 16. Ne5 Nxe5 17. Bxe5 Bd6 18. Qg3 Bxe5 19. Qxe5 Rac8 20. a4 Qxe5
21. Rxe5 c4 22. axb5 axb5 23. Rxb5 cxd3 24. cxd3 Rfd8 25. g3 Rxd3 26. Rb7 g6 27.
Raa7 Rf3 28. Kg2 Rf5 29. Ra2 Rc3 30. Rb2 Rfc5 31. b4 R5c4 32. b5 Rc2 33. Rxc2
Rxc2 34. b6 Rb2 35. Kf3 h5 36. h4 Kg7 37. Ke3 Kf6 38. Rb8 Rb3+ 39. Ke4 Rb4+ 40.
Ke3 Rb3+ 41. Ke4 1/2-1/2

[Event "European Blitz 2017"]
[Site "Katowice POL"]
[Date "2017.12.15"]
[Round "18.14"]
[White "Stupak, Kirill"]
[Black "Moranda, Wojciech"]
[Result "1/2-1/2"]
[WhiteTitle "GM"]
[BlackTitle "GM"]
[WhiteElo "2588"]
[BlackElo "2593"]
[WhiteFideId "13503758"]
[BlackFideId "1122401"]
[EventDate "2017.12.15"]
[EventType "blitz"]

1. d4 Nf6 2. g3 g6 3. Bg2 Bg7 4. e4 d6 5. Nc3 O-O 6. Nge2 e5 7. h3 c6 8. a4 a5
9. Be3 Qc7 10. O-O Re8 11. Qd2 Na6 12. f4 exd4 13. Bxd4 Nb4 14. Rad1 Be6 15. b3
d5 16. f5 gxf5 17. exf5 Bd7 18. g4 Rad8 19. Nf4 h6 20. Qf2 Qd6 21. Rd2 Bc8 22.
Nce2 Rd7 23. Ng3 Na6 24. Nfh5 Nxh5 25. Nxh5 f6 26. Qh4 Rf7 27. Kh1 Nc5 28. Re1
Rxe1+ 29. Qxe1 Re7 30. Re2 Ne4 31. c4 Bd7 32. Kg1 Be8 33. Nxg7 Kxg7 34. Bf3 c5
35. Bb2 Bc6 36. Kg2 Qf4 37. Bc1 Qe5 38. Bb2 d4 39. Bc1 Kf7 40. Qh4 Ke8 41. Bxh6
d3 42. Re1 Qb2+ 43. Kg1 d2 44. Rd1 Qd4+ 45. Kg2 Ng5 46. Bxc6+ bxc6 47. Bxg5 fxg5
48. Qf2 Qe4+ 49. Kh2 Qe5+ 50. Kg2 Qe4+ 51. Qf3 Qc2 52. Qxc6+ Kf8 53. Qf6+ Ke8
54. Qc6+ Kf8 55. Qf6+ Ke8 56. Qc6+ Kf8 57. Qf6+ Ke8 1/2-1/2

[Event "European Blitz 2017"]
[Site "Katowice POL"]
[Date "2017.12.15"]
[Round "18.15"]
[White "Kuzmicz, Krystian"]
[Black "Dvirnyy, Danyyil"]
[Result "0-1"]
[WhiteTitle "IM"]
[BlackTitle "GM"]
[WhiteElo "2460"]
[BlackElo "2532"]
[WhiteFideId "1119125"]
[BlackFideId "817570"]
[EventDate "2017.12.15"]
[EventType "blitz"]

1. e4 c6 2. d4 d5 3. f3 e6 4. Nc3 Bb4 5. Bf4 Ne7 6. Qd3 b6 7. Ne2 Ba6 8. Qe3 Nd7
9. a3 Bxc3+ 10. Nxc3 Bxf1 11. Rxf1 O-O 12. Kf2 Rc8 13. Kg1 c5 14. exd5 exd5 15.
Qf2 a6 16. Rad1 c4 17. Bd6 Nf6 18. Be5 Nd7 19. Bd6 Nf6 20. Be5 Rc6 21. Rfe1 Ng6
22. Qg3 b5 23. Qg5 h6 24. Qf5 Ne7 25. Bxf6 Rxf6 26. Qe5 Re6 27. Qg3 Nc6 28. Rxe6
fxe6 29. Ne2 Qb8 30. c3 a5 31. Re1 Qxg3 32. hxg3 Kf7 33. Kf2 Rb8 34. Ra1 Rb7 35.
f4 Ne7 36. Ng1 b4 37. axb4 axb4 38. g4 bxc3 39. bxc3 Rb3 40. Rc1 g5 41. fxg5
hxg5 42. Nf3 Kf6 43. Ne5 Ng6 44. Nxg6 Kxg6 45. Kf3 Kf6 46. Ke3 e5 47. dxe5+ Kxe5
48. Kf2 Ke4 49. Re1+ Kd3 50. Re5 Rb5 51. Rxg5 Kxc3 52. Rg8 d4 53. Rd8 d3 54. Ke3
Re5+ 55. Kf3 d2 56. Kf4 Re1 0-1

[Event "European Blitz 2017"]
[Site "Katowice POL"]
[Date "2017.12.15"]
[Round "18.16"]
[White "Buhmann, Rainer"]
[Black "Castellanos Rodriguez, Renier"]
[Result "1-0"]
[WhiteTitle "GM"]
[BlackTitle "IM"]
[WhiteElo "2584"]
[BlackElo "2501"]
[WhiteFideId "4651340"]
[BlackFideId "3404650"]
[EventDate "2017.12.15"]
[EventType "blitz"]

1. e4 c5 2. Nf3 e6 3. d4 cxd4 4. Nxd4 a6 5. g3 h5 6. Bg2 h4 7. O-O hxg3 8. hxg3
Qc7 9. Nc3 Nc6 10. Nxc6 dxc6 11. Be3 e5 12. Na4 b5 13. Nb6 Rb8 14. Nxc8 Rxc8 15.
a4 b4 16. a5 Nf6 17. Qe2 Qb7 18. Rfd1 Be7 19. c3 c5 20. cxb4 cxb4 21. Rac1 O-O
22. Bf1 Qxe4 23. Rxc8 Rxc8 24. Qxa6 Ra8 25. Qb5 Qf3 26. Rc1 e4 27. Be2 1-0

[Event "European Blitz 2017"]
[Site "Katowice POL"]
[Date "2017.12.15"]
[Round "18.18"]
[White "Ragger, Markus"]
[Black "Fedorchuk, Sergey A."]
[Result "1-0"]
[WhiteTitle "GM"]
[BlackTitle "GM"]
[WhiteElo "2657"]
[BlackElo "2648"]
[WhiteFideId "1610856"]
[BlackFideId "14102536"]
[EventDate "2017.12.15"]
[EventType "blitz"]

1. e4 c5 2. Nf3 e6 3. g3 b6 4. Bg2 Bb7 5. Qe2 Nf6 6. d3 d6 7. O-O Be7 8. c3 O-O
9. Rd1 Nbd7 10. Nbd2 b5 11. a4 a6 12. d4 cxd4 13. Nxd4 Qb8 14. axb5 axb5 15.
Rxa8 Qxa8 16. Nxb5 Nc5 17. Re1 Rc8 18. Nd4 Nfd7 19. N2b3 Ba6 20. Qg4 Ne5 21. Qh3
Ncd3 22. Rd1 Qa7 23. Be3 Qb8 24. Rd2 Nc5 25. Nxc5 dxc5 26. Nxe6 Nc4 27. Bf4 Qa7
28. Rd5 Bb7 29. Rd7 Qa1+ 30. Bf1 Bxe4 31. Rxe7 Ra8 32. Nc7 Nd2 33. Bxd2 1-0

[Event "European Blitz 2017"]
[Site "Katowice POL"]
[Date "2017.12.15"]
[Round "18.19"]
[White "Fridman, Daniel"]
[Black "Zorko, Jure"]
[Result "0-1"]
[WhiteTitle "GM"]
[BlackTitle "IM"]
[WhiteElo "2633"]
[BlackElo "2457"]
[WhiteFideId "11600454"]
[BlackFideId "14604051"]
[EventDate "2017.12.15"]
[EventType "blitz"]

1. Nf3 d5 2. c4 d4 3. g3 Nc6 4. Bg2 e5 5. O-O a5 6. d3 Be7 7. e3 Nf6 8. exd4
exd4 9. Na3 Nd7 10. Nb5 Nc5 11. Re1 Ne6 12. b3 Na7 13. Nxa7 Rxa7 14. Ne5 c6 15.
f4 O-O 16. f5 Nc5 17. g4 Bg5 18. Nf3 Bxc1 19. Rxc1 g6 20. Kh1 gxf5 21. gxf5 Bxf5
22. Re5 Nxd3 23. Rxf5 Nf2+ 24. Kg1 Nxd1 25. Rxd1 c5 26. Rxc5 Ra6 27. Rxd4 Qf6
28. Rb5 Re6 29. Rxb7 Re3 30. Rg4+ Kh8 31. Kf2 Rfe8 32. Rb5 Re2+ 33. Kg3 Rg8 34.
Rxg8+ Kxg8 35. Rxa5 Qd6+ 36. Kh3 Qd7+ 37. Kh4 Rxg2 38. Ra8+ Kg7 39. h3 Qe7+ 40.
Kh5 Qf6 0-1

[Event "European Blitz 2017"]
[Site "Katowice POL"]
[Date "2017.12.15"]
[Round "18.20"]
[White "Brodowski, Piotr"]
[Black "Klekowski, Maciej"]
[Result "0-1"]
[WhiteTitle "IM"]
[BlackTitle "IM"]
[WhiteElo "2430"]
[BlackElo "2498"]
[WhiteFideId "1124480"]
[BlackFideId "1132717"]
[EventDate "2017.12.15"]
[EventType "blitz"]

1. g3 Nf6 2. Bg2 e5 3. c4 c6 4. Nf3 e4 5. Nd4 d5 6. cxd5 Qxd5 7. Nb3 Qh5 8. h3
Bd6 9. Nc3 Qg6 10. d3 exd3 11. exd3 O-O 12. O-O Bf5 13. Ne4 Bc7 14. Re1 Nbd7 15.
Nd4 Rad8 16. Qc2 Ne5 17. Nxf5 Qxf5 18. Nxf6+ Qxf6 19. Bf4 Bb8 20. Rad1 Nd7 21.
Bd2 Be5 22. Bc3 Bd4 23. Re4 Bxc3 24. bxc3 Nc5 25. Re2 Qg6 26. d4 Qxc2 27. Rxc2
Na4 28. Rb1 Rd7 29. Rb4 Nb6 30. Rcb2 Re8 31. Kf1 Rde7 32. Rb1 Re2 33. R4b2 R2e7
34. Rb4 Re2 35. R4b2 R2e6 36. Rb4 Re2 37. R4b2 R2e7 38. Rb4 Re2 39. R4b2 R2e6
40. Rb4 Rf6 41. a4 Rf5 42. Ra1 Ra5 43. Bf3 g6 44. Bd1 Re7 45. Bb3 Rf5 46. a5 Nc8
47. Bd1 Nd6 48. Bg4 Rf6 49. a6 b5 50. Kg2 Ne4 51. Rb2 Nxc3 52. Bf3 Rd7 53. Rc1
Na4 54. Rbc2 Rxd4 55. Rxc6 Rdd6 56. Rxd6 Rxd6 57. Bb7 b4 58. Rc8+ Kg7 59. Ra8 b3
60. Rxa7 b2 61. Be4 Nc3 62. Bc2 b1=Q 63. Bxb1 Nxb1 64. Rb7 Nc3 65. Rb3 Na4 66.
Ra3 Rxa6 0-1

[Event "European Blitz 2017"]
[Site "Katowice POL"]
[Date "2017.12.15"]
[Round "18.21"]
[White "Trent, Lawrence"]
[Black "Fedorov, Alexei"]
[Result "0-1"]
[WhiteTitle "IM"]
[BlackTitle "GM"]
[WhiteElo "2436"]
[BlackElo "2573"]
[WhiteFideId "408638"]
[BlackFideId "13500465"]
[EventDate "2017.12.15"]
[EventType "blitz"]

1. d4 Nf6 2. Bg5 Ne4 3. Bf4 c5 4. f3 Qa5+ 5. c3 Nf6 6. d5 e6 7. e4 exd5 8. exd5
d6 9. Qd2 Be7 10. c4 Qd8 11. Nc3 O-O 12. Bd3 Nbd7 13. Nge2 Nh5 14. Be3 Ne5 15.
O-O-O a6 16. Kb1 b5 17. Ng3 Nf6 18. Ka1 Bd7 19. Rhe1 Re8 20. Nge4 Nxe4 21. Nxe4
f5 22. Nf2 Bf6 23. Rc1 Rb8 24. Nd1 bxc4 25. Bxc4 Ba4 26. Bf1 Bxd1 27. Rexd1 Nxf3 0-1

[Event "European Blitz 2017"]
[Site "Katowice POL"]
[Date "2017.12.15"]
[Round "18.22"]
[White "Aleksandrov, Aleksej"]
[Black "Pulpan, Jakub"]
[Result "1-0"]
[WhiteTitle "GM"]
[BlackTitle "IM"]
[WhiteElo "2589"]
[BlackElo "2400"]
[WhiteFideId "13500139"]
[BlackFideId "302759"]
[EventDate "2017.12.15"]
[EventType "blitz"]

1. d4 Nf6 2. c4 e6 3. Nc3 Bb4 4. e3 O-O 5. Ne2 c6 6. a3 Ba5 7. Bd2 d5 8. Ng3 Bc7
9. Rc1 Nbd7 10. cxd5 exd5 11. Bd3 Re8 12. O-O g6 13. Re1 h5 14. f3 Nb6 15. Qc2
Kg7 16. Rcd1 h4 17. Nf1 Be6 18. Bc1 a5 19. Qf2 Nh5 20. e4 Nf4 21. Bb1 h3 22.
Bxf4 Bxf4 23. g3 Bc7 24. e5 Nc4 25. f4 Bg4 26. Rc1 f5 27. a4 Bb6 28. b3 Na3 29.
Bd3 Rc8 30. Ne2 Qe7 31. Rcd1 Qb4 32. Ne3 Bxe2 33. Bxe2 Qxb3 34. g4 Rg8 35. gxf5
gxf5 36. Nxf5+ Kf7+ 37. Kh1 Ke6 38. Nd6 Rcf8 39. f5+ Kd7 40. f6 Kc7 41. f7 Rg2
42. Qf6 Kb8 43. Bh5 Qb2 44. Qf4 Bc7 45. Bf3 Bxd6 46. exd6 Qf2 47. Rf1 Qc2 48.
Rc1 Qb2 49. d7+ Ka7 50. Rce1 Nc2 51. Re2 Rxe2 52. Bxe2 Nxd4 53. Qe3 c5 54. Bf3
Qc2 55. Bxd5 Qg6 56. Qe7 Qd3 57. Qxc5+ Ka6 58. Bc4+ 1-0

[Event "European Blitz 2017"]
[Site "Katowice POL"]
[Date "2017.12.15"]
[Round "18.23"]
[White "Moskalenko, Alexander"]
[Black "Maier, Christian"]
[Result "1-0"]
[WhiteTitle "IM"]
[BlackTitle "IM"]
[WhiteElo "2522"]
[BlackElo "2393"]
[WhiteFideId "4155351"]
[BlackFideId "4601955"]
[EventDate "2017.12.15"]
[EventType "blitz"]

1. e4 e6 2. d4 d5 3. exd5 exd5 4. Nf3 c5 5. Bb5+ Nc6 6. O-O Bd6 7. dxc5 Bxc5 8.
Nbd2 Ne7 9. Nb3 Bd6 10. Bg5 O-O 11. Bh4 Bg4 12. Be2 Qc7 13. Bg3 Bxg3 14. hxg3
Rad8 15. Nfd4 Bxe2 16. Qxe2 Rfe8 17. Rfe1 Kf8 18. Qh5 h6 19. c3 Nxd4 20. Nxd4 a6
21. Re3 Ng6 22. Rxe8+ Kxe8 23. Re1+ Kf8 24. Qxg6 1-0

[Event "European Blitz 2017"]
[Site "Katowice POL"]
[Date "2017.12.15"]
[Round "18.24"]
[White "Arnaudov, G. Petar"]
[Black "Tari, Aryan"]
[Result "1-0"]
[WhiteTitle "GM"]
[BlackTitle "GM"]
[WhiteElo "2439"]
[BlackElo "2593"]
[WhiteFideId "2907127"]
[BlackFideId "1510045"]
[EventDate "2017.12.15"]
[EventType "blitz"]

1. Nf3 d5 2. c4 e6 3. g3 Nf6 4. Bg2 g6 5. O-O Bg7 6. b3 O-O 7. Bb2 b6 8. cxd5
exd5 9. Nc3 Bb7 10. d4 Nbd7 11. Rc1 Ne4 12. e3 Qe7 13. Qc2 Rac8 14. Rfd1 Rfe8
15. Nxe4 dxe4 16. Nd2 c5 17. Nc4 b5 18. Na5 cxd4 19. Qb1 Rxc1 20. Qxc1 Rc8 21.
Qa1 Ba8 22. Bxd4 Bxd4 23. Qxd4 Nf6 24. b4 Bd5 25. a3 Rc2 26. h3 h5 27. Bf1 a6
28. Rd2 Rxd2 29. Qxd2 Qe5 30. Qc1 h4 31. gxh4 Kg7 32. Bg2 Qh5 33. Qc7 Qxh4 34.
Qg3 Qxg3 35. fxg3 Nd7 36. h4 Ne5 37. Kf2 f5 38. Bf1 Kf6 39. Be2 Ke7 40. Ke1 Kd6
41. Kd2 Nd7 42. Kc3 Ke5 43. a4 bxa4 44. Bxa6 a3 45. Nc4+ Bxc4 46. Bxc4 Nb6 47.
Bb3 Kd6 48. Kd4 Kc6 49. Ke5 Kb5 50. Kf6 Kxb4 51. Ba2 Kc3 52. Kxg6 Kb2 53. Be6
Na4 54. h5 Nc5 55. Bc4 Kc3 56. Ba2 Kb2 57. Bd5 Nb3 58. h6 a2 59. h7 a1=Q 60.
h8=Q+ Kc1 61. Qxa1+ Nxa1 62. Kxf5 Kd2 63. Kxe4 Nc2 64. g4 Nxe3 65. g5 Ng4 66.
Be6 Nf2+ 67. Kf5 Nh1 68. g6 Ng3+ 69. Kg4 Ne4 70. g7 Ke3 71. Kf5 Ng3+ 72. Kg6 1-0

[Event "European Blitz 2017"]
[Site "Katowice POL"]
[Date "2017.12.15"]
[Round "18.25"]
[White "Jaracz, Pawel"]
[Black "Licznerski, Lukasz"]
[Result "1-0"]
[WhiteTitle "GM"]
[BlackTitle "FM"]
[WhiteElo "2465"]
[BlackElo "2267"]
[WhiteFideId "1102222"]
[BlackFideId "1179250"]
[EventDate "2017.12.15"]
[EventType "blitz"]

1. Nf3 Nf6 2. c4 g6 3. b4 Bg7 4. Bb2 O-O 5. e3 c6 6. Nc3 d5 7. d4 Bg4 8. Qb3 a6
9. Ne5 Be6 10. Be2 b5 11. cxb5 axb5 12. a4 bxa4 13. Nxa4 Nfd7 14. Nd3 Bf5 15.
O-O Bxd3 16. Bxd3 e5 17. dxe5 Nxe5 18. Be2 Qh4 19. b5 cxb5 20. Qxb5 Nbc6 21. f4
Rfb8 22. Qxd5 Nb4 23. Qe4 f5 24. Qb1 Ng4 25. Bxg4 Qxg4 26. Bxg7 Kxg7 27. Nc5
Rxa1 1-0

[Event "European Blitz 2017"]
[Site "Katowice POL"]
[Date "2017.12.15"]
[Round "18.26"]
[White "Gajewski, Grzegorz"]
[Black "Klabis, Rokas"]
[Result "1/2-1/2"]
[WhiteTitle "GM"]
[BlackTitle "FM"]
[WhiteElo "2601"]
[BlackElo "2366"]
[WhiteFideId "1116207"]
[BlackFideId "12805246"]
[EventDate "2017.12.15"]
[EventType "swiss"]

1. d4 Nf6 2. Nf3 e6 3. c4 Bb4+ 4. Nbd2 O-O 5. a3 Be7 6. e4 d5 7. e5 Nfd7 8. Bd3
b6 9. cxd5 exd5 10. h4 c5 11. Bxh7+ Kxh7 12. Ng5+ Kg6 13. Ndf3 Bxg5 14. Nxg5 Qe7
15. h5+ Kh6 16. Nxf7+ Kh7 17. Qd3+ Kg8 18. Ng5 Nf6 19. h6 Ne4 20. hxg7 Qxg7 21.
Nxe4 Bf5 22. Nf6+ Rxf6 23. exf6 Qxg2 24. Qg3+ Qxg3 25. fxg3 Nc6 26. Be3 Re8 27.
Kf2 cxd4 28. Bg5 Ne5 29. Rad1 Ng4+ 30. Kf3 d3 31. Rhe1 Ne5+ 32. Kf4 Be4 33. g4
Ng6+ 34. Kg3 Rc8 35. Rc1 Rc2 36. Rxc2 dxc2 37. Bc1 Ne5 38. g5 Nd3 39. Rg1 Kf7
40. Bd2 Kg6 41. Rf1 Ne5 42. Bc3 Nf7 43. Bd2 d4 44. Kf4 Bf5 45. Rg1 d3 46. Rf1
Nd6 47. b3 Be6 48. Ke5 1/2-1/2

[Event "European Blitz 2017"]
[Site "Katowice POL"]
[Date "2017.12.15"]
[Round "18.27"]
[White "Jakubowski, Krzysztof"]
[Black "Olszewski, Michal"]
[Result "1-0"]
[WhiteTitle "GM"]
[BlackTitle "GM"]
[WhiteElo "2526"]
[BlackElo "2540"]
[WhiteFideId "1112848"]
[BlackFideId "1121251"]
[EventDate "2017.12.15"]
[EventType "blitz"]

1. d4 Nf6 2. Nf3 g6 3. Bf4 Bg7 4. e3 O-O 5. h3 b6 6. c4 Bb7 7. Nc3 e6 8. Be2 d6
9. Bh2 Nbd7 10. O-O Ne4 11. Nxe4 Bxe4 12. Nd2 Bb7 13. Bf3 Qc8 14. Qa4 Rd8 15.
Rfd1 e5 16. dxe5 Nxe5 17. Bxb7 Qxb7 18. Qc2 Re8 19. Rac1 a5 20. Qe4 Nc6 21. Qf3
Bxb2 22. Rb1 Bg7 23. Ne4 f5 24. Nc5 dxc5 25. Rd7 Nd8 26. Rxd8 Qxf3 27. Rxe8+
Rxe8 28. gxf3 Be5 29. Rd1 Bxh2+ 30. Kxh2 Kf7 31. Rd7+ Re7 32. Rd8 Ke6 33. Kg3
Rd7 34. Re8+ Kf6 35. Rc8 Re7 36. a4 g5 37. h4 h6 38. h5 Rh7 39. Rg8 Ke6 40. Rg6+
Ke7 41. f4 g4 42. f3 gxf3 43. Kxf3 Rh8 44. Rc6 Kd7 45. Rf6 c6 46. Rxf5 Ke6 47.
Re5+ Kd6 48. Kg4 Rf8 49. e4 b5 50. cxb5 cxb5 51. axb5 c4 52. Rd5+ Kc7 53. Rc5+
Kb6 54. Rxc4 Kxb5 55. Rc1 a4 56. e5 a3 57. e6 Kb4 58. f5 a2 59. e7 Re8 60. f6 1-0

[Event "European Blitz 2017"]
[Site "Katowice POL"]
[Date "2017.12.15"]
[Round "18.28"]
[White "Boe, Mads"]
[Black "Zelcic, Robert"]
[Result "1-0"]
[WhiteTitle "FM"]
[BlackTitle "GM"]
[WhiteElo "2292"]
[BlackElo "2501"]
[WhiteFideId "1401408"]
[BlackFideId "14500310"]
[EventDate "2017.12.15"]
[EventType "blitz"]

1. d4 Nf6 2. Nf3 e6 3. Bg5 d5 4. e3 Be7 5. Bd3 O-O 6. O-O b6 7. Qe2 Bb7 8. c4 c5
9. dxc5 bxc5 10. Nc3 Nbd7 11. Rfd1 Qa5 12. h3 Rfd8 13. Bf4 Nf8 14. Nb5 Rac8 15.
a3 Ba6 16. b4 Qb6 17. bxc5 Bxc5 18. a4 dxc4 19. Bxc4 Nd5 20. Bxd5 exd5 21. Be5
Ne6 22. Qb2 Bf8 23. Rab1 Nc5 24. Qa2 Bxb5 25. axb5 Qb7 26. Bd4 Ra8 27. Ne5 Ne6
28. Nc6 Rd7 29. Na5 Qb8 30. Nc6 Qb7 31. Na5 Qb8 32. Nc6 Qe8 33. Bxa7 Bc5 34. b6
Rb7 35. Qxd5 h6 36. Na5 Rbxa7 37. bxa7 Rxa7 38. Nc6 Ra8 39. Ne5 Rd8 40. Qc4 Bd6
41. Nf3 Rc8 42. Qe4 Qe7 43. Nd4 Rc4 44. Qa8+ Kh7 45. Nf5 1-0

[Event "European Blitz 2017"]
[Site "Katowice POL"]
[Date "2017.12.15"]
[Round "18.29"]
[White "Kislinsky, Alexey"]
[Black "Costachi, Mihnea"]
[Result "0-1"]
[WhiteTitle "GM"]
[BlackTitle "IM"]
[WhiteElo "2513"]
[BlackElo "2441"]
[WhiteFideId "14108801"]
[BlackFideId "1217518"]
[EventDate "2017.12.15"]
[EventType "blitz"]

1. e4 e5 2. Nf3 Nc6 3. Bc4 Bc5 4. b4 Bxb4 5. c3 Ba5 6. d4 exd4 7. Qb3 Qf6 8. O-O
Nge7 9. cxd4 Bb6 10. e5 Qg6 11. d5 Na5 12. Qa4 Nxc4 13. Qxc4 O-O 14. d6 cxd6 15.
Ba3 Nf5 16. Nbd2 Bc5 17. Bxc5 dxc5 18. Qxc5 d6 19. Qc7 dxe5 20. Nxe5 Qd6 21.
Qxd6 Nxd6 22. Ndf3 Bf5 23. h3 f6 24. Rfd1 Rfd8 25. Nd3 Ne4 26. Nf4 Nc3 27. Rdc1
Rac8 28. Kh2 b5 29. a3 Be4 30. Ne1 g5 31. Nh5 Kf7 32. Ng3 Bg6 33. Nf3 a5 34. Nf1
h5 35. N3d2 Bf5 36. Nb3 a4 37. Na5 Be4 38. Re1 Ba8 39. Re3 Nd5 40. Rd3 Nf4 41.
Rxd8 Rxd8 42. Rc1 Bxg2 43. Rc7+ Kg6 44. Ne3 Bxh3 45. Nc6 Rd7 46. Rc8 Be6 47. Rb8
Rd2 48. Kg3 h4+ 49. Kf3 Bd5+ 50. Nxd5 Nxd5 51. Rxb5 Rd3+ 52. Ke4 Nc3+ 53. Kxd3
Nxb5 54. Ke2 Nxa3 0-1

[Event "European Blitz 2017"]
[Site "Katowice POL"]
[Date "2017.12.15"]
[Round "18.30"]
[White "Kyc, Jerzy"]
[Black "Georgiev, Kiril"]
[Result "0-1"]
[BlackTitle "GM"]
[WhiteElo "2265"]
[BlackElo "2623"]
[WhiteFideId "1163922"]
[BlackFideId "2900017"]
[EventDate "2017.12.15"]
[EventType "blitz"]

1. e4 e5 2. Nf3 Nc6 3. Bb5 Nf6 4. d3 Bc5 5. O-O d6 6. c3 O-O 7. Nbd2 Ne7 8. d4
exd4 9. cxd4 Bb6 10. h3 Ng6 11. e5 dxe5 12. dxe5 Nd5 13. Nc4 c6 14. Ba4 Bc7 15.
Bg5 f6 16. exf6 Nxf6 17. Bb3 Kh8 18. Qc2 Be6 19. Rad1 Qc8 20. Nd6 Bxd6 21. Rxd6
Bxb3 22. axb3 Nd5 23. Rxg6 hxg6 24. Nh4 Kg8 25. Qxg6 Qd7 26. Qh5 Rae8 27. Ng6
Rf5 28. g4 Nf6 29. Qh4 Rf3 30. Nf4 Qf7 31. Kg2 Rxb3 32. Rd1 Ne4 33. Re1 Rxb2 34.
Nd3 Rb3 0-1

[Event "European Blitz 2017"]
[Site "Katowice POL"]
[Date "2017.12.15"]
[Round "18.31"]
[White "Wojtaszek, Radoslaw"]
[Black "Dragnev, Valentin"]
[Result "1-0"]
[WhiteTitle "GM"]
[BlackTitle "IM"]
[WhiteElo "2736"]
[BlackElo "2458"]
[WhiteFideId "1118358"]
[BlackFideId "1634852"]
[EventDate "2017.12.15"]
[EventType "blitz"]

1. d4 d5 2. Nf3 Nf6 3. c4 e6 4. e3 a6 5. b3 c5 6. Bb2 Nc6 7. cxd5 Nxd5 8. Nbd2
cxd4 9. Nxd4 Nxd4 10. Bxd4 Qg5 11. h4 Qg6 12. h5 Qh6 13. Bc4 Bb4 14. a3 Be7 15.
Nf3 Nf6 16. Be5 b5 17. Bf4 g5 18. Bxg5 Qg7 19. h6 Qf8 20. Be2 Rg8 21. Qd4 Nd7
22. Bxe7 Qxe7 23. Qe4 Rb8 24. Qxh7 Nf6 25. Qxg8+ Nxg8 26. h7 Qf8 27. h8=Q 1-0

[Event "European Blitz 2017"]
[Site "Katowice POL"]
[Date "2017.12.15"]
[Round "18.33"]
[White "Kovalev, Denis"]
[Black "Gazik, Viktor"]
[Result "1-0"]
[WhiteTitle "IM"]
[BlackTitle "IM"]
[WhiteElo "2504"]
[BlackElo "2479"]
[WhiteFideId "14104059"]
[BlackFideId "14928752"]
[EventDate "2017.12.15"]
[EventType "blitz"]

1. Nf3 f5 2. g3 Nf6 3. Bg2 g6 4. O-O Bg7 5. c4 O-O 6. Nc3 d6 7. d3 Nc6 8. Rb1 e5
9. b4 h6 10. b5 Ne7 11. c5 Be6 12. a4 g5 13. Ba3 Qd7 14. Rc1 Ned5 15. Nxd5 Bxd5
16. cxd6 cxd6 17. Qd2 a6 18. Qb4 Rfd8 19. b6 a5 20. Qb5 Bc6 21. Qb3+ Kh8 22. Nd2
d5 23. Bb2 Re8 24. Nf3 d4 25. Rc5 Qd6 26. Ba3 Qb8 27. Rfc1 Nd7 28. Rxc6 bxc6 29.
Rxc6 e4 30. Nxd4 Bxd4 31. Rxh6+ Kg7 32. Rd6 Qxd6 33. Bxd6 Bxb6 34. dxe4 fxe4 35.
Bh3 Rad8 36. Bxd7 Rxd7 37. Qxb6 Re6 38. Bf8+ Kf7 39. Qc5 e3 40. fxe3 Rd1+ 41.
Kg2 Rd2 42. Kf3 Rf6+ 43. Kg4 Rxe2 44. Bd6 Rxh2 45. Be5 Re6 46. Qxa5 Re2 47. Qa7+
Re7 48. Qd4 Rf2 49. a5 1-0